| 000 | 00000nam##2200000za#4500 |
| 001 | 9.607720 |
| 003 | CaOODSP |
| 005 | 20210624213251 |
| 007 | cr ||||||||||| |
| 008 | 150406|2000||||xxc|||||o f|0| 0 fre|d |
| 040 | |aCaOODSP|bfre |
| 043 | |an-cn--- |
| 086 | 1 |aNH18-22/100-105F-PDF |
| 110 | 2 |aSociété canadienne d'hypothèques et de logement. |
| 245 | 10|aMesurage des pertes de transmission sonore à travers des murs de maçonnerie de 140 mm et de 190 mm, revêtus de plaques de plâtre, et des murs creux (1990) / |h[ressource électronique] |
| 250 | |aRévision 2008 |
| 260 | |aOttawa - Ontario : |bSociété canadienne d'hypothèques et de logement |cc2000, 2008. |
| 300 | |a4p. |
| 490 | 1 |aLe point en recherche et développement; série technique|v00-105 |
| 500 | |aFichier reproduit à partir de l'original imprimé. |
| 590 | |a14-16-Supp|b2014-09-25 |
| 775 | 08|tSound transmission loss measurements through 190 mm and 140 mm blocks with added drywall and through cavity block walls (1990) |w(CaOODSP)9.580778 |
| 830 | #0|aLe point en recherche et développement; série technique ;|v00-105|w(CaOODSP)9.500900 |
| 856 | 40|ahttp://publications.gc.ca|qPDF|s246 Ko|uhttps://publications.gc.ca/collections/collection_2014/schl-cmhc/NH18-22-100-105-fra.pdf|y00-105 |